The pictorial history of world spacecraft

Bibliographic Details
Main Author: Yenne, Bill
Format: Book
Published: London : Brompton Books , 1988
Subjects:

MARC

LEADER 00000cam a2200000 7i4500
001 0000002883
002 000003119
005 20000330.0
020 |a 0861244478 
090 0 0 |a 629.47   |b YEN 
100 1 |a Yenne, Bill 
245 1 4 |a The pictorial history of world spacecraft   |c Bill Yenne 
260 |a London :   |b Brompton Books ,   |c 1988 
300 |a 207p. :   |b ill. ;   |c 34cm. 
650 0 0 |a Space vehicles   |x History 
650 0 0 |a Space vehicles   |x Pictorial works 
650 0 0 |a Spacecraft   |x History 
999 |a 015574   |b BUKU   |c RUJUKAN   |e PERPUSTAKAAN KOMUNITI PETALING JAYA 
999 |a 035234   |b BUKU   |c RUJUKAN   |e PERPUSTAKAAN KOMUNITI PETALING JAYA 
999 |a 035235   |b BUKU   |c RUJUKAN   |e PERPUSTAKAAN KOMUNITI PETALING JAYA